000 00607nai a2200181Ia 4500
003 IN-BaIIA
008 211028c9999 xx s 000 0 eng d
022 _a0003-9527 (Print)
022 _a1432-0673 (Online)
040 _cIIA Library
245 0 _aArchive for Rational Mechanics and Analysis
_h[eJournal]
260 _aHeidelber, Germany
_bSpringer Berlin Heidelberg
310 _a3/year
362 _a137(1); 1997 - Present
521 _bSubscribed through National Knowledge Resource Consortium (NKRC)
856 _uhttps://www.springer.com/journal/205
_yClick Here to Access eJournal
942 _cEJ
999 _c34041
_d34041